Novela zákona o štátnej správe v školstve a školskej samospráve: zmeny vyplývajúce z novely zákona

Predstavenie novely zákona č. 596/2003 Z. z. o štátnej správe v školstve a školskej samospráve a o zmene a doplnení niektorých zákonov v znení neskorších predpisov. Okrem zmien súvisiacich s plnením cieľov Plánu obnovy a odolnosti SR boli novelou vykonané aj niektoré zmeny zákona č. 596/2003 Z. z.,...

Description complète

Enregistré dans:
Détails bibliographiques
Auteur principal: Drotár, Matej
Format: Chapitre de livre
Langue:slovaque
Sujets:
Tags: Ajouter un tag
Pas de tags, Soyez le premier à ajouter un tag!

MARC

LEADER 00000naa a2200000 4500
001 0296067
005 20240417075246.0
041 0 |a slo 
044 |a SK 
245 1 0 |a Novela zákona o štátnej správe v školstve a školskej samospráve: zmeny vyplývajúce z novely zákona  |c Matej Drotár 
520 |a Predstavenie novely zákona č. 596/2003 Z. z. o štátnej správe v školstve a školskej samospráve a o zmene a doplnení niektorých zákonov v znení neskorších predpisov. Okrem zmien súvisiacich s plnením cieľov Plánu obnovy a odolnosti SR boli novelou vykonané aj niektoré zmeny zákona č. 596/2003 Z. z., ktorými sa zosúlaďuje text zákona s platnou a účinnou legislatívou, alebo ide o čiastkové zmeny. Uvedené legislatívne zmeny zasahujú najmä predprimárne vzdelávanie a financovanie školstva. 
610 2 0 |a školstvo 
610 2 0 |a legislatíva 
610 2 0 |a úpravy právne 
610 2 0 |a školy 
610 2 0 |a financovanie 
610 2 0 |a dotácie štátne 
100 1 |a Drotár, Matej